<?xml version="1.0" encoding="UTF-8"?>
<record
    xmlns:xsi="http://www.w3.org/2001/XMLSchema-instance"
    xsi:schemaLocation="http://www.loc.gov/MARC21/slim http://www.loc.gov/standards/marcxml/schema/MARC21slim.xsd"
    xmlns="http://www.loc.gov/MARC21/slim">

  <leader>01618    a2200325   4500</leader>
  <datafield tag="999" ind1=" " ind2=" ">
    <subfield code="c">95917</subfield>
    <subfield code="d">95917</subfield>
  </datafield>
  <controlfield tag="003">NALT</controlfield>
  <controlfield tag="005">20210609154727.0</controlfield>
  <controlfield tag="008">190501b        th ||||| |||| 00| 0 tha d</controlfield>
  <datafield tag="020" ind1=" " ind2=" ">
    <subfield code="a">978616189477</subfield>
  </datafield>
  <datafield tag="040" ind1=" " ind2=" ">
    <subfield code="a">NALT</subfield>
  </datafield>
  <datafield tag="041" ind1="1" ind2=" ">
    <subfield code="a">tha</subfield>
    <subfield code="h">eng</subfield>
  </datafield>
  <datafield tag="050" ind1=" " ind2=" ">
    <subfield code="a">HD 53 </subfield>
    <subfield code="b">&#xE04;919&#xE04; 2561</subfield>
  </datafield>
  <datafield tag="100" ind1="1" ind2=" ">
    <subfield code="a">&#xE41;&#xE04;&#xE17;&#xE21;&#xE39;&#xE25;, &#xE40;&#xE2D;&#xE47;&#xE14; </subfield>
    <subfield code="9">39208</subfield>
  </datafield>
  <datafield tag="245" ind1="1" ind2="0">
    <subfield code="a">Creativity, inc. &#xE17;&#xE38;&#xE01;&#xE2A;&#xE34;&#xE48;&#xE07;&#xE40;&#xE23;&#xE34;&#xE48;&#xE21;&#xE15;&#xE49;&#xE19;&#xE17;&#xE35;&#xE48;&#xE44;&#xE2D;&#xE40;&#xE14;&#xE35;&#xE22; /</subfield>
    <subfield code="c">&#xE40;&#xE2D;&#xE47;&#xE14; &#xE41;&#xE04;&#xE17;&#xE21;&#xE39;&#xE25;, &#xE40;&#xE2D;&#xE21;&#xE35;&#xE48; &#xE27;&#xE2D;&#xE25;&#xE40;&#xE25;&#xE0B; &#xE40;&#xE02;&#xE35;&#xE22;&#xE19; ; &#xE08;&#xE34;&#xE19;&#xE14;&#xE32;&#xE23;&#xE31;&#xE15;&#xE19;&#xE4C; &#xE18;&#xE23;&#xE23;&#xE21;&#xE23;&#xE07;&#xE27;&#xE38;&#xE17;&#xE22;&#xE4C; &#xE41;&#xE1B;&#xE25;.</subfield>
  </datafield>
  <datafield tag="246" ind1="3" ind2="1">
    <subfield code="a">Creativity, inc</subfield>
  </datafield>
  <datafield tag="250" ind1=" " ind2=" ">
    <subfield code="a">&#xE1E;&#xE34;&#xE21;&#xE1E;&#xE4C;&#xE04;&#xE23;&#xE31;&#xE49;&#xE07;&#xE41;&#xE23;&#xE01;</subfield>
  </datafield>
  <datafield tag="260" ind1=" " ind2=" ">
    <subfield code="a">&#xE01;&#xE23;&#xE38;&#xE07;&#xE40;&#xE17;&#xE1E;&#xE2F; : </subfield>
    <subfield code="b">&#xE0A;&#xE47;&#xE2D;&#xE23;&#xE4C;&#xE15;&#xE04;&#xE31;&#xE15; &#xE2D;&#xE21;&#xE23;&#xE34;&#xE19;&#xE17;&#xE23;&#xE4C;&#xE1E;&#xE23;&#xE34;&#xE49;&#xE19;&#xE15;&#xE34;&#xE49;&#xE07;&#xE41;&#xE2D;&#xE19;&#xE14;&#xE4C;&#xE1E;&#xE31;&#xE1A;&#xE25;&#xE34;&#xE0A;&#xE0A;&#xE34;&#xE48;&#xE07;, </subfield>
    <subfield code="c">2561.</subfield>
  </datafield>
  <datafield tag="300" ind1=" " ind2=" ">
    <subfield code="a">279 &#xE2B;&#xE19;&#xE49;&#xE32; ;</subfield>
    <subfield code="c">23  &#xE0B;&#xE21;.</subfield>
  </datafield>
  <datafield tag="610" ind1="2" ind2="4">
    <subfield code="9">39211</subfield>
    <subfield code="a">&#xE1E;&#xE34;&#xE01;&#xE0B;&#xE32;&#xE23;&#xE4C; (&#xE1A;&#xE23;&#xE34;&#xE29;&#xE31;&#xE17; ) </subfield>
  </datafield>
  <datafield tag="650" ind1=" " ind2="4">
    <subfield code="9">15793</subfield>
    <subfield code="a">&#xE01;&#xE32;&#xE23;&#xE2A;&#xE23;&#xE49;&#xE32;&#xE07;&#xE2A;&#xE23;&#xE23;&#xE04;&#xE4C;&#xE17;&#xE32;&#xE07;&#xE18;&#xE38;&#xE23;&#xE01;&#xE34;&#xE08; </subfield>
  </datafield>
  <datafield tag="650" ind1=" " ind2="4">
    <subfield code="9">204</subfield>
    <subfield code="a">&#xE18;&#xE38;&#xE23;&#xE01;&#xE34;&#xE08;</subfield>
  </datafield>
  <datafield tag="650" ind1=" " ind2="4">
    <subfield code="9">5562</subfield>
    <subfield code="a">&#xE27;&#xE31;&#xE12;&#xE19;&#xE18;&#xE23;&#xE23;&#xE21;&#xE2D;&#xE07;&#xE04;&#xE4C;&#xE01;&#xE23;</subfield>
  </datafield>
  <datafield tag="650" ind1=" " ind2="0">
    <subfield code="a">&#xE04;&#xE27;&#xE32;&#xE21;&#xE2A;&#xE33;&#xE40;&#xE23;&#xE47;&#xE08;&#xE17;&#xE32;&#xE07;&#xE18;&#xE38;&#xE23;&#xE01;&#xE34;&#xE08;</subfield>
    <subfield code="9">6209</subfield>
  </datafield>
  <datafield tag="653" ind1=" " ind2="4">
    <subfield code="a">&#xE1B;&#xE23;&#xE30;&#xE2A;&#xE34;&#xE17;&#xE18;&#xE34;&#xE1C;&#xE25;&#xE02;&#xE2D;&#xE07;&#xE2D;&#xE07;&#xE04;&#xE4C;&#xE01;&#xE23;</subfield>
  </datafield>
  <datafield tag="700" ind1="1" ind2=" ">
    <subfield code="9">39209</subfield>
    <subfield code="a">&#xE27;&#xE2D;&#xE25;&#xE40;&#xE25;&#xE0B;, &#xE40;&#xE2D;&#xE21;&#xE35;&#xE48; </subfield>
  </datafield>
  <datafield tag="700" ind1="0" ind2=" ">
    <subfield code="a">&#xE08;&#xE34;&#xE19;&#xE14;&#xE32;&#xE23;&#xE31;&#xE15;&#xE19;&#xE4C; &#xE18;&#xE23;&#xE23;&#xE21;&#xE23;&#xE07;&#xE27;&#xE38;&#xE17;&#xE22;&#xE4C;</subfield>
    <subfield code="9">39210</subfield>
  </datafield>
  <datafield tag="850" ind1=" " ind2=" ">
    <subfield code="a">NALT</subfield>
  </datafield>
  <datafield tag="942" ind1=" " ind2=" ">
    <subfield code="2">lcc</subfield>
    <subfield code="c">GB</subfield>
  </datafield>
  <datafield tag="998" ind1=" " ind2=" ">
    <subfield code="a">phon</subfield>
    <subfield code="b">phon</subfield>
    <subfield code="c">phon</subfield>
    <subfield code="j">104</subfield>
    <subfield code="k"> &#xE2A;&#xE32;&#xE22;&#xE1D;&#xE19; &#xE14;&#xE35;&#xE07;&#xE32;&#xE21;</subfield>
  </datafield>
  <datafield tag="952" ind1=" " ind2=" ">
    <subfield code="0">0</subfield>
    <subfield code="1">0</subfield>
    <subfield code="2">lcc</subfield>
    <subfield code="4">0</subfield>
    <subfield code="7">0</subfield>
    <subfield code="8">CGBL</subfield>
    <subfield code="a">NALT</subfield>
    <subfield code="b">NALT</subfield>
    <subfield code="c">GEN</subfield>
    <subfield code="d">2019-04-30</subfield>
    <subfield code="e">59</subfield>
    <subfield code="l">1</subfield>
    <subfield code="m">1</subfield>
    <subfield code="o">HD 53 &#xE04;919&#xE04; 2561</subfield>
    <subfield code="p">3961209253</subfield>
    <subfield code="r">2019-12-06 00:00:00</subfield>
    <subfield code="s">2019-11-25</subfield>
    <subfield code="w">2019-04-30</subfield>
    <subfield code="y">GB</subfield>
  </datafield>
</record>
